000
00198 a2200097 4500
001
2612
100
_a
Hele - D.K.
245
_a
Erasmus darwin
260
_a
_b
Macmillan co.
_c
090
_c
1909
_d
1909
942
_a
NUST-CAE
_c
M
_c
10102
999
_c
237685
_d
237685